On ira tous au paradis - Polnareff - Statistiques

Statistiques générales
  • Ce quiz a été pris 101 fois
  • Le résultat moyen est 174 sur 216
Statistiques - réponses
Answers % Correct
à
100%
au
100%
ira
100%
On
100%
on
100%
paradis
100%
paradis,
100%
tous
100%
le
96%
ou
96%
moi
95%
Qu'on
95%
qu'on
95%
soit
95%
les
93%
Les
93%
même
93%
maudit,
91%
et
89%
Et
89%
béni
88%
Toutes
73%
bandits
72%
putains
72%
pas
71%
pas,
71%
bonnes
69%
la
69%
sœurs
69%
de
68%
que
67%
assassins
65%
Ne
64%
Avec
63%
avec
63%
ce
61%
gens
61%
voleurs
61%
du
60%
en
60%
qui
59%
disent
57%
un
57%
des
56%
bien
53%
brebis
52%
n'y
52%
saints
52%
crois
51%
femmes
51%
puis
51%
est
49%
monde
49%
croie
48%
Dieu
48%
mal
48%
C'est
45%
chiens
41%
fait
40%
sera
40%
l'enfer
39%
requins
39%
seule
39%
ton
39%
bal
37%
invités
37%
ait
36%
peu
36%
cœur
33%
église
33%
flammes
33%
couleur
31%
peur
29%
âme
28%
vague
25%
Laisse
24%
N'aie
23%
païens
23%
chrétiens,
19%
Aucun quiz correspondant
Distribution des résultats
% des personnes avec chaque résultat
Percentile par nombre de réponses
Votre historique - résultats
Vous n’avez pas pris ce quiz